| 000 | 00494nam a22001817a 4500 | ||
|---|---|---|---|
| 999 |
_c196056 _d196056 |
||
| 008 | 20230523 | ||
| 010 | _aENG-136991 | ||
| 020 |
_a9789390746477 _c250.00 |
||
| 035 | _aEN-120523 | ||
| 037 | _bDBAD / PUB | ||
| 082 | _a881 | ||
| 100 | _aNagar, Tanvi | ||
| 245 |
_aMetamorphosis/ _cTanvi Nagar |
||
| 260 |
_aKolkata _bExceller Book _c2021 |
||
| 270 |
_aDream Apartment,Degree collage road _bkolkata _e700056 |
||
| 300 |
_a129p.; _c21cm(pbk) |
||
| 942 |
_2ddc _cEN _mNAG _h881 |
||